| 000 | 00914nam a2200253Ia 4500 | ||
|---|---|---|---|
| 003 | OSt | ||
| 005 | 20221005113305.0 | ||
| 006 | a|||||r|||| 00| 0 | ||
| 007 | ta | ||
| 008 | 221004b |||||||| |||| 00| 0 pan d | ||
| 020 |
_a9788130202631 (hbk) _c800 |
||
| 024 | _a12562 | ||
| 037 |
_b823, 13/03/2014, H.K. Prakashan _cTextual |
||
| 040 |
_aCRL _cCRL _bpan |
||
| 041 |
_2pan _apan |
||
| 082 | _aO153jNKA, Q4 | ||
| 100 | _aਜਸਬੀਰ ਕੌਰ, ਥਦ. | ||
| 245 | 0 |
_aਡਾ. ਅਮਰਜੀਤ ਸਿੰਘ ਕਾਂਗ _b ਸਿਮਰਤੀ ਗ੍ਰੰਥ |
|
| 260 |
_aਪਟਿਆਲਾ _bਪੰਜਾਬੀ ਯੂਨੀਵਰਸਿਟੀ ਭਾਰਤ _c2014 |
||
| 300 |
_a437ਪੰ _ccm. |
||
| 650 | _aਪੰਜਾਬੀ ਸਾਹਿਤ | ||
| 942 |
_hO153jNKA, Q4 _cTEXL _2cc |
||
| 999 |
_c1027680 _d1027680 |
||